Statistics for Monster Movies by Description

Click here to take the quiz!

General Stats

  • This quiz has been taken 70 times
    (55 since last reset)
  • The average score is 6 of 10

Answer Stats

DescriptionMovie% Correct
A movie producer goes to an island and finds a killer giant ape. The ape falls in love with the star actress.King Kong
100%
A millionaire uses cloning technology to bring dinosaurs to life.Jurassic Park
90%
A group of archaeologists and treasure hunters unwittingly release an ancient Egyptian corpse.The Mummy
78%
A giant fire-breathing dinosaur escapes from arctic ice.Godzilla
76%
A boy gets a mysterious pet for Christmas that multiplies and attacks the town.Gremlins
76%
A employee at a flower shop finds a flytrap from outer space that feeds on blood.Little Shop of Horrors
71%
Crop circles and strange lights are the first of many disturbances leading up to an alien invasion. However, water is fatal to the extraterrestrials.Signs
49%
A gorilla has a genetic mutation that makes him larger.Mighty Joe Young
34%
Animals are being genetically edited so they are bigger.Rampage
29%
A cryptozoologist and an army team bomb an island to map the geologic formations below the surface. It unfortunately happens to be the home of giant apes and lizards. Kong: Skull Island
22%

Score Distribution

Percentile by Number Answered

Percent of People with Each Score

Your Score History

You have not taken this quiz since the last reset